ბათუმის შოთა რუსთაველის სახელმწიფო უნივერსიტეტის ბიბლიოთეკა

The Buildinc of Jalna. (ბიბ.ჩანაწერი № 46077)

000 -LEADER
fixed length control field 00429nam a2200193Ia 4500
001 - CONTROL NUMBER
control field 12907
003 - CONTROL NUMBER IDENTIFIER
control field GE_BSU
008 - FIXED-LENGTH DATA ELEMENTS--GENERAL INFORMATION
fixed length control field 181216s||||||||xx |||||||||||||| ||und||
040 ## - CATALOGING SOURCE
Transcribing agency GE_BSU
080 ## - UNIVERSAL DECIMAL CLASSIFICATION NUMBER
Universal Decimal Classification number 821.111-32
100 ## - MAIN ENTRY--PERSONAL NAME
Personal name Roche De La Mazo.
245 #4 - TITLE STATEMENT
Title The Buildinc of Jalna.
260 ## - PUBLICATION, DISTRIBUTION, ETC.
Place of publication, distribution, etc. London.
260 ## - PUBLICATION, DISTRIBUTION, ETC.
Name of publisher, distributor, etc. Pan Books LTD.
260 ## - PUBLICATION, DISTRIBUTION, ETC.
Date of publication, distribution, etc. 1966
300 ## - PHYSICAL DESCRIPTION
Extent 249p;18cm.
653 ## - INDEX TERM--UNCONTROLLED
Uncontrolled term The Buildinc of Jalna.
942 ## - ADDED ENTRY ELEMENTS (KOHA)
Koha item type წიგნი
ეგზემპლარები
Withdrawn status Lost status Damaged status Not for loan Date acquired Barcode Date last seen Price effective from Koha item type
        2018-12-17 36414 2018-12-17 2018-12-17 წიგნი